The amazing Breuer : early Czech-American science fiction author Miloslav (Miles) J. Breuer (1889-1945) /

Hlavní autor: Olša, Jaroslav, 1964-
Další autoři: Jůn, Dominik, 1978-
Jazyk: Angličtina
Vydáno: [Praha] : Nová vlna ;Generální konzulát ČR v Los Angeles, 2020
Témata:
Fyzický popis: 28 nečíslovaných stran : ilustrace, portréty, faksimile ; 36 cm
Knihy
Uloženo v:
LEADER 02941nam a2200685 i 4500
001 nkc20213348628
003 CZ PrNK
005 20260429154359.0
007 ta
008 210826s2020 xr ach e 000 0beng
015 |a cnb003348628 
020 |a 978-80-7441-059-8  |q (Ministerstvo zahraničních věcí ČR) :  |c brožováno) 
020 |a 978-80-88343-16-5  |q (Zdeněk Rampas - Nová vlna ;  |q brožováno) 
020 |a 978-1-7361199-0-7  |q (Consulate General of the Czech Republic in Los Angeles ;  |q brožováno) 
035 |a (OCoLC)1274108737 
040 |a BOA001  |b cze  |e rda 
041 1 |a eng  |h cze 
043 |a n-us--- 
044 |a xr  |a xxu 
045 |a w8x4 
072 7 |a 821.111(73).09  |x Americká literatura (o ní)  |2 Konspekt  |9 11 
072 7 |a 929  |x Biografie  |2 Konspekt  |9 8 
080 |a 821.111(73)-051  |2 MRF 
080 |a 821.162.3-051  |2 MRF 
080 |a 82-321.9  |2 MRF 
080 |a 929  |2 MRF 
080 |a (73)  |2 MRF 
080 |a (082.2)  |2 MRF 
080 |a (092)  |2 MRF 
100 1 |a Olša, Jaroslav,  |d 1964-  |7 ola2003169770  |4 aut 
245 1 4 |a The amazing Breuer :  |b early Czech-American science fiction author Miloslav (Miles) J. Breuer (1889-1945) /  |c text: Jaroslav Olša, jr. ; překlad: Dominik Jůn 
264 1 |a [Praha] :  |b Nová vlna ;  |a Los Angeles :  |b Generální konzulát ČR v Los Angeles,  |c 2020 
300 |a 28 nečíslovaných stran :  |b ilustrace, portréty, faksimile ;  |c 36 cm 
336 |a text  |b txt  |2 rdacontent 
336 |a statický obraz  |b sti  |2 rdacontent 
337 |a bez média  |b n  |2 rdamedia 
338 |a svazek  |b nc  |2 rdacarrier 
500 |a Přeloženo z češtiny? 
500 |a Vyšlo u příležitosti 75. výročí úmrtí Miloslava (Milese) J. Breuera 
600 1 7 |a Breuer, Miles J.  |q (Miles John),  |d 1889-1945  |7 mzk20211125444  |2 czenas 
648 4 |a 1889-1945 
648 7 |a 19.-20. století  |7 ch757015  |2 czenas 
648 7 |a 20. století  |7 ch460558  |2 czenas 
650 0 7 |a američtí spisovatelé  |7 ph117171  |y 19.-20. století  |2 czenas 
650 0 7 |a česky píšící spisovatelé  |7 ph1126442  |z Spojené státy americké  |y 19.-20. století  |2 czenas 
650 0 7 |a vědecko-fantastická povídka  |7 ph188872  |z Spojené státy americké  |y 20. století  |2 czenas 
650 0 9 |a American authors  |y 19th-20th centuries  |2 eczenas 
650 0 9 |a authors writing in Czech  |z United States  |y 19th-20th centuries  |2 eczenas 
650 0 9 |a science fiction short stories  |z United States  |y 20th century  |2 eczenas 
655 7 |a jubilejní publikace  |7 fd131839  |2 czenas 
655 7 |a biografie  |7 fd131909  |2 czenas 
655 9 |a jubilee books  |2 eczenas 
655 9 |a biography  |2 eczenas 
700 1 |a Jůn, Dominik,  |d 1978-  |7 js20051107008  |4 trl 
910 2 |a BOA001  |b 5-1473.250 
928 9 |a Consulate General of the Czech Republic in Los Angeles 
990 |a BK 
995 |a 01 
991 |b 202109  |c NOV 
996 6 |b 2610876930  |c 5-1473.250  |l MZK  |r Sklad / do 24 hodin  |n 0  |p p.v.  |w 001861995  |u 000010  |a 1  |e BOA001  |j MZK50  |s P